000 00409nam a22001697a 4500
005 20160526150917.0
008 160526b xxu||||| |||| 00| 0 eng d
020 _a81-7866-176-6
041 _aeng
082 _b5317
100 _aJakhotiya, G.P & M.G.
_91328
245 _aFinance for one and all
260 _aNew Delhi
_bAcademic Faundation
300 _a313
650 _aManagement
_9241
942 _cBK
999 _c1868
_d1867